| 000 | 00709nam a22002177a 4500 | ||
|---|---|---|---|
| 003 | OSt | ||
| 005 | 20140310182113.0 | ||
| 008 | 130824t xxu||||| |||| 00| 0 eng d | ||
| 020 | _a9780842024303 | ||
| 050 |
_aE 183.7 _b.W85 1992 |
||
| 082 |
_aHS 327.73 _bC85 1992 |
||
| 100 |
_aCrapol, Edward P. _913564 |
||
| 245 |
_aWomen and American foreign policy : _blobbyists,critics, and insiders _cCrapol, Edward P. |
||
| 260 |
_aWilmington, _bDelaware, _c1992. |
||
| 300 |
_a200 p. : _c23 cm. |
||
| 650 |
_aUnited States _xForeign relations _913565 |
||
| 650 |
_aUnited States _xForeign relations _913566 |
||
| 650 |
_a Women- _vU.S. _xPolitical activity _xHistory _913567 |
||
| 942 |
_2lcc _cHS |
||
| 999 |
_c9420 _d9420 |
||